150 best all new house ideas / (Record no. 8710)
[ view plain ]
| 000 -LEADER | |
|---|---|
| fixed length control field | 01730cam a22003858i 4500 |
| 001 - CONTROL NUMBER | |
| control field | 22373257 |
| 003 - CONTROL NUMBER IDENTIFIER | |
| control field | OSt |
| 005 - DATE AND TIME OF LATEST TRANSACTION | |
| control field | 20260401143851.0 |
| 008 - FIXED-LENGTH DATA ELEMENTS--GENERAL INFORMATION | |
| fixed length control field | 220106s2022 nyu 000 0 eng |
| 010 ## - LIBRARY OF CONGRESS CONTROL NUMBER | |
| LC control number | 2021062946 |
| 020 ## - INTERNATIONAL STANDARD BOOK NUMBER | |
| International Standard Book Number | 9780063219243 |
| Qualifying information | (hardcover) |
| 020 ## - INTERNATIONAL STANDARD BOOK NUMBER | |
| Canceled/invalid ISBN | 9780063219267 |
| Qualifying information | (ebook) |
| 035 ## - SYSTEM CONTROL NUMBER | |
| System control number | 22373257 |
| 040 ## - CATALOGING SOURCE | |
| Original cataloging agency | DLC |
| Language of cataloging | eng |
| Description conventions | rda |
| Transcribing agency | DLC |
| 042 ## - AUTHENTICATION CODE | |
| Authentication code | pcc |
| 050 00 - LIBRARY OF CONGRESS CALL NUMBER | |
| Classification number | NA7126 |
| Item number | .Z36 2022 |
| 082 00 - DEWEY DECIMAL CLASSIFICATION NUMBER | |
| Classification number | 728.37 Z36 2022 |
| Edition number | 23/eng/20220208 |
| 100 1# - MAIN ENTRY--PERSONAL NAME | |
| Personal name | Zamora Mola, Francesc, |
| Relator term | author. |
| 245 10 - TITLE STATEMENT | |
| Title | 150 best all new house ideas / |
| Statement of responsibility, etc. | Francesc Zamora Mola. |
| 246 3# - VARYING FORM OF TITLE | |
| Title proper/short title | One hundred fifty best new house ideas |
| 263 ## - PROJECTED PUBLICATION DATE | |
| Projected publication date | 1111 |
| 264 #1 - PRODUCTION, PUBLICATION, DISTRIBUTION, MANUFACTURE, AND COPYRIGHT NOTICE | |
| Place of production, publication, distribution, manufacture | New York, NY : |
| Name of producer, publisher, distributor, manufacturer | Harper Design, an Imprint of HarperCollins Publishers, |
| Date of production, publication, distribution, manufacture, or copyright notice | 2022. |
| 300 ## - PHYSICAL DESCRIPTION | |
| Extent | 479 pages, 20 cm |
| 336 ## - CONTENT TYPE | |
| Content type term | text |
| Content type code | txt |
| Source | rdacontent |
| 337 ## - MEDIA TYPE | |
| Media type term | unmediated |
| Media type code | n |
| Source | rdamedia |
| 338 ## - CARRIER TYPE | |
| Carrier type term | volume |
| Carrier type code | nc |
| Source | rdacarrier |
| 520 ## - SUMMARY, ETC. | |
| Summary, etc. | "From the highly successful 150 Best series, the ultimate resource for single home buyers and owners, architects, developers, and designers, filled with contemporary, fresh ideas for sustainable construction and gorgeous interiors, vividly captured in hundreds of stunning four-color photographs"-- |
| Assigning source | Provided by publisher. |
| 650 #0 - SUBJECT ADDED ENTRY--TOPICAL TERM | |
| Topical term or geographic name entry element | Architecture, Domestic |
| General subdivision | History |
| Chronological subdivision | 21st century. |
| 650 #0 - SUBJECT ADDED ENTRY--TOPICAL TERM | |
| Topical term or geographic name entry element | Architecture, Domestic |
| General subdivision | History |
| Chronological subdivision | 21st century |
| Form subdivision | Pictorial works. |
| 655 #7 - INDEX TERM--GENRE/FORM | |
| Genre/form data or focus term | Illustrated works. |
| Source of term | lcgft |
| Authority record control number or standard number | https://id.loc.gov/authorities/genreForms/gf2014026111 |
| 906 ## - LOCAL DATA ELEMENT F, LDF (RLIN) | |
| a | 0 |
| b | vip |
| c | orignew |
| d | 1 |
| e | ecip |
| f | 20 |
| g | y-gencatlg |
| 942 ## - ADDED ENTRY ELEMENTS (KOHA) | |
| Source of classification or shelving scheme | Dewey Decimal Classification |
| Koha item type | English Book |
| Suppress in OPAC | No |
| Withdrawn status | Lost status | Source of classification or shelving scheme | Damaged status | Not for loan | Home library | Current library | Date acquired | Total Checkouts | Full call number | Barcode | Date last seen | Price effective from | Koha item type |
|---|---|---|---|---|---|---|---|---|---|---|---|---|---|
| Dewey Decimal Classification | CENTRAL | TUWAIQ | 04/01/2026 | 728.37 Z36 2022 | 1000000025854 | 04/01/2026 | 04/01/2026 | English Book |
